| 000 | 00647nam a2200253Ia 4500 | ||
|---|---|---|---|
| 003 | OSt | ||
| 005 | 20220927110415.0 | ||
| 006 | a|||||r|||| 00| 0 | ||
| 007 | ta | ||
| 008 | 220926b |||||||| |||| 00| 0 eng d | ||
| 024 | _a45553 | ||
| 037 | _cReports | ||
| 040 |
_aRTL _cRTL _beng |
||
| 041 |
_2eng _aeng |
||
| 082 | _a"X:8J.218r, GD" | ||
| 110 |
_aAndhra Government _9377923 |
||
| 245 | 0 | _a"Finance accounts, 1955-56 and the audit report" | |
| 260 | _c1956 | ||
| 300 |
_a206p. _ccm. |
||
| 650 |
_aAudit _9353217 |
||
| 700 |
_aAndhra Government _9377924 |
||
| 942 |
_h"X:8J.218r, GD" _cCC |
||
| 999 |
_c696513 _d696513 |
||